O nowa perspektywe spojrzenia na najpilniejsze potrzeby Polski.
V rámci dokumentu poľských ekonómov nazvaného Kľúčové problémy ekonomiky a sociálnej politiky v rokoch 1992 - 1994 autor pripojuje svoj príspevok k najsúrnejším potrebám Poľska. Nedostatky diagnózy. Skúma, prečo program privatizácie podnikov nebol úspešný. Vyratúva kľúčové problémy hospodárskej poli...
Enregistré dans:
| Auteur principal: | |
|---|---|
| Format: | Chapitre de livre |
| Langue: | polonais |
| Sujets: | |
| Tags: |
Pas de tags, Soyez le premier à ajouter un tag!
|
MARC
| LEADER | 00000naa a2200000 4500 | ||
|---|---|---|---|
| 001 | r006540 | ||
| 005 | 20221125122911.2 | ||
| 041 | 0 | |a pol | |
| 044 | |a PL | ||
| 245 | 1 | 0 | |a O nowa perspektywe spojrzenia na najpilniejsze potrzeby Polski. |c A. Wierzbicki |
| 520 | |a V rámci dokumentu poľských ekonómov nazvaného Kľúčové problémy ekonomiky a sociálnej politiky v rokoch 1992 - 1994 autor pripojuje svoj príspevok k najsúrnejším potrebám Poľska. Nedostatky diagnózy. Skúma, prečo program privatizácie podnikov nebol úspešný. Vyratúva kľúčové problémy hospodárskej politiky a čo je nevyhnutné urobiť. V závere upozorňuje, čo treba zmeniť. | ||
| 610 | 2 | 0 | |a politika hospodárska |
| 610 | 2 | 0 | |a politika sociálna |
| 610 | 2 | 0 | |a PR |
| 610 | 2 | 0 | |a 1992-1994 |
| 610 | 2 | 0 | |a privatizácia |
| 100 | 1 | |a Wierzbicki, A. | |